000 00665nam a2200205 i 4500
001 186078
003 ES-MaACL
005 20250728223635.0
008 160907s1962 sp |||| | spa d
100 0 _aPiettre, André.
_991983
245 1 3 _aLas tres edades de la economía /
_cAndré Piettre ; [traducción de Fernando Aguirre de Cárcer].
260 _aMadrid :
_bRialp,
_c1962.
300 _a515 p. ;
_c21 cm.
490 1 _aNaturaleza e Historia ;
_v5
650 0 4 _aEconomía-
_vHistoria.
_912012
700 0 _aAguirre de Cárcer, Fernando.
_918863
830 0 0 _aNaturaleza e historia
_v5
_9182943
852 _aES-MaACL
_jE-4863
999 _c186078
_d186078